00281nam a2200121Ia 4500008004100000082001500041100001300056245002900069250001200098260002500110300000800135650001600143191201s2019 xx 000 0 und d a006.31 GOA aGOPAL, M 0aApplied Machine learning a2nd Ed. bNew DelhiaTMHc2024 a630 aB.Tech(CSE)